00330nam a2200121Ia 4500008004100000020001700041245004700058260002900105300001500134650001200149980003000161999001700191151021s9999 xx 000 0 und d a055321330-x  a_The Awakening and selected short stories  aUSA Bantam classic 1988  avii,210p.  a_Novel  a^d20130515 01:11:51^oanne c13309d13309